Entry Nombre personal
001 - NÚMERO DE CONTROL
- campo de control: 46899
003 - IDENTIFICADOR DEL NÚMERO DE CONTROL
- campo de control: BNPHU
005 - FECHA Y HORA DE LA ÚLTIMA TRANSACCIÓN
- campo de control: 20250128171711.0
008 - DATOS DE LONGITUD FIJA
- campo de control de longitud fija: 200615|| aca||aabn | a|a d
010 ## - NÚMERO DE CONTROL DE LA BIBLIOTECA DEL CONGRESO
- Número de control de LC: n 79022069
040 ## - FUENTE DE LA CATALOGACIÓN
- Centro catalogador/agencia de origen: BNPHU
- Centro/agencia transcriptor: BNPHU
- Lengua de catalogación: spa
- Normas de descripción: rda
046 ## - FECHAS CON CODIFICACIÓN ESPECIAL
- Fecha de nacimiento: 1938-11
- Fecha de la muerte: 2017-07-03
100 1# - ENCABEZAMIENTO-NOMBRE DE PERSONA
- Nombre de persona: Johnson, Spencer
368 ## - OTROS ATRIBUTOS DE PERSONA O ENTIDAD CORPORATIVA
- Título de persona: M.D.
370 ## - LUGAR ASOCIADO
- Lugar de nacimiento: Watertown (S.D.)
- Lugar de fallecimiento: Encinitas (Calif.)
- Lugar de residencia/sede: Hawaii
377 ## - LENGUA/LENGUAJE ASOCIADO
- Código del idioma: Inglés
- Término de lengua/lenguaje: eng
670 ## - FUENTE DE DATOS ENCONTRADOS
- Cita de la fuente: Work cat.: (OSt)22319: Blanchard, Kenneth, 1939- 46897, El ejecutivo al minuto :, 1983.
670 ## - FUENTE DE DATOS ENCONTRADOS
- Identificador Uniforme del Recurso: https://librunam.dgb.unam.mx:8443/F/KKLCXELVR3NQI8EQDUDC5SMCGBTA4TXF8TDLCAYNDX6GTDGA7P-21949?func=full-set-set&set_number=022223&set_entry=000001&format=001 Consultado en 28 de enero, 2025
670 ## - FUENTE DE DATOS ENCONTRADOS
- Identificador Uniforme del Recurso: https://authorities.loc.gov/cgi-bin/Pwebrecon.cgi?AuthRecID=1420563&v1=1&HC=1&SEQ=20250128171555&PID=nSqTX6t2olNK05fCrSz8JsjTW3U Consultado en 28 de enero, 2025
